000 00975nam a2200241 a 4500
001 44542
003 BD-RjUL
005 20211209053857.0
008 160718s1975 ii ||||| |||| 00| 0 ben d
020 _c: IRs.25.00
035 _a(BD-RjUL)44660
040 _aBD-RjUL
_bben
_cBD-RjUL
_dBD-RjUL
041 _a ben
082 _223
_a891.4409
_bDAB 1975
100 _aদাস, সজনীকান্ত
_9135718
245 1 0 _aবাংলা গদ্যসাহিত্যের ইতিহাস /
_cসজনীকান্ত দাস
250 _a১ম চিরায়ত সং.
260 _aকলিকাতা :
_bচিরায়ত প্রকাশন,
_c১৯৭৫
300 _a২৯২ পৃ. :
_bচিত্র ;
_c২২ সেমি.
650 _aবাংলা সাহিত্য
_xইতিহাস ও সমালোচনা
_9135719
650 _aBengali literature
_xHistory and criticism
_9117020
942 _2ddc
_cBK
999 _c44542
_d44542